Readings in Philippine history/ (Record no. 75)

MARC details
000 -LEADER
fixed length control field 00656nam a22002057a 4500
003 - CONTROL NUMBER IDENTIFIER
control field OSt
005 - DATE AND TIME OF LATEST TRANSACTION
control field 20240530021126.0
008 - FIXED-LENGTH DATA ELEMENTS--GENERAL INFORMATION
fixed length control field 240530b |||||||| |||| 00| 0 eng d
020 ## - INTERNATIONAL STANDARD BOOK NUMBER
International Standard Book Number 978621436003
040 ## - CATALOGING SOURCE
Original cataloging agency DWC- Main Lib
Transcribing agency OC
082 ## - DEWEY DECIMAL CLASSIFICATION NUMBER
Classification number Fil. 991.4 G156r 2019
100 ## - MAIN ENTRY--PERSONAL NAME
Personal name Galicia De Mesa, Reynold
245 ## - TITLE STATEMENT
Title Readings in Philippine history/
Statement of responsibility, etc. Reynold Galicia De Mesa.
250 ## - EDITION STATEMENT
Edition statement Second edition
260 ## - PUBLICATION, DISTRIBUTION, ETC.
Place of publication, distribution, etc. Mandaluyong City:
Name of publisher, distributor, etc. Azes Publishing Corporation,
Date of publication, distribution, etc. c2019.
300 ## - PHYSICAL DESCRIPTION
Extent xxii, 378 pages :
Other physical details illustrations;
Dimensions 25cm.
504 ## - BIBLIOGRAPHY, ETC. NOTE
Bibliography, etc. note Includes Bibliographical references.
650 ## - SUBJECT ADDED ENTRY--TOPICAL TERM
Topical term or geographic name entry element 1. Philippines
942 ## - ADDED ENTRY ELEMENTS (KOHA)
Source of classification or shelving scheme Dewey Decimal Classification
Koha item type Book-Filipiniana
Edition Second edition
Suppress in OPAC Yes
Holdings
Withdrawn status Lost status Source of classification or shelving scheme Damaged status Not for loan Home library Current library Date acquired Source of acquisition Cost, normal purchase price Total Checkouts Full call number Barcode Date last seen Copy number Price effective from Koha item type Uniform Resource Identifier
    Dewey Decimal Classification     College Library College Library 02/19/2020 School Fund 550.00   Fil. 991.4 G156r 2019 52511 05/30/2024 c1 05/30/2024 BK - FIL
    Dewey Decimal Classification     College Library College Library 02/19/2020 School Fund 550.00   Fil. 991.4 G156r 2019 52510 05/30/2024 c2 05/30/2024 BK - FIL
    Dewey Decimal Classification     College Library College Library 02/19/2020 School Fund 550.00   Fil. 991.4 G156r 2019 52547 05/30/2024 c3 05/30/2024 BK - FIL